| 000 | 00432nam a2200169Ia 4500 | ||
|---|---|---|---|
| 003 | GCL | ||
| 008 | 140319s9999 xx 000 0 eng d | ||
| 040 |
_aGCL / _cGCL |
||
| 082 | 0 | 4 |
_a823.912 _bE J |
| 100 | 1 | _aELLMANN, RICHARD | |
| 245 | 1 | 0 |
_aJAMES JOYCE / _cELLMANN, RICHARD |
| 260 |
_a[S.N] : _bOXFORD UNIVERSITY PRESS ، _c1982 |
||
| 300 | _a887 P | ||
| 650 | 0 | 4 | _aJAMES JOYCE |
| 650 | 0 | 4 | _aIRISH 20TH CENTURY |
| 942 |
_2ddc _cBK |
||
| 999 |
_c17306 _d17306 |
||